| 000 | 00406nam a2200109Ia 4500 | ||
|---|---|---|---|
| 008 | 171211s9999 xx 000 0 und d | ||
| 245 | _aEnterprise Web Development: Building HTML5 Applications: From Desktop to Mobile | ||
| 245 | _cAnatole Tartakovsky, Victor Rasputnis, Viktor Gamov, and Yakov Fain | ||
| 260 | _c2014 | ||
| 650 | _xWeb Development | ||
| 856 | _uhttp://down.ebook777.com/013/1449356818Web.pdf | ||
| 999 |
_c350071 _d350071 |
||